000 00628cam a2200229 a 4500
001 3732364
005 20171227033058.0
008 810326s1981 nyu b 101 0 eng
010 _a 81002910
020 _a0808913921
040 _aDLC
_cDLC
_dDLC
041 _aeng
060 _aWY 101 P951
080 _a610.730699 MAU
082 0 0 _a610.730699 MAU
_219
100 _a1
101 _aINF
245 0 0 _aPrimary care :
_cedited by Ingeborg G. Mauksch.
504 _aIncludes bibliographies and index.
906 _a7
_bcbc
_corignew
_d1
_eocip
_f19
_gy-gencatlg
942 _2ddc
_cBK
999 _c39432
_d39432